Statistics for What club did they play for in 2012? (Football)

Click here to take the quiz!

General Stats

  • This quiz has been taken 30 times
  • The average score is 20 of 34

Answer Stats

PlayerAnswer% Correct
Luis SuárezLiverpool
96%
Robin Van PersieArsenal
83%
Mario BalotelliManchester City
83%
Cristiano RonaldoReal Madrid
83%
NeymarSantos
83%
Fernando TorresChelsea
79%
Radamel FalcaoAtlético Madrid
75%
Cesc FàbregasFC Barcelona
75%
NaniManchester United
75%
Wayne RooneyManchester United
75%
Zlatan IbrahimovićParis Saint-Germain
75%
Xabi AlonsoReal Madrid
75%
Mesut ÖzilReal Madrid
75%
Arjen RobbenBayern Munich
71%
Luka ModrićTottenham Hotspur
71%
Andriy ArshavinArsenal
67%
Arturo VidalJuventus
63%
Blaise MatuidiParis Saint-Germain
63%
Christian EriksenAjax
58%
Wesley SneijderGalatasaray
58%
Miroslav KloseLazio
54%
Hugo LlorisOlympique Lyonnais
54%
Philippe CoutinhoInternazionale
50%
Samuel Eto'oAnzhi Makhachkala
46%
Javi MartínezAthletic Bilbao
46%
Klaas-Jan HuntelaarSchalke 04
42%
James RodríguezPorto
33%
Yevhen KonoplyankaDnipro Dnipropetrovsk
25%
SokratisWerder Bremen
25%
Riyad MahrezLe Havre
21%
Didier DrogbaShanghai Shenhua
21%
Ivan PerišićBorussia Dortmund
17%
Aiden McGeadySpartak Moscow
17%
Mehdi BenatiaUdinese
17%

Score Distribution

Percentile by Number Answered

Percent of People with Each Score

Your Score History

You have not taken this quiz